[Event "Trophée Roza Lallemand 2015"]
[Site "SAINT JACUT DE LA MER"]
[Date "2015.06.13"]
[Round "4.7"]
[White "Seite, Yamina"]
[Black "Dacalor, Aurelie"]
[Result "1-0"]
[WhiteElo "1900"]
[BlackElo "2120"]
[PlyCount "53"]
[EventDate "2015.??.??"]

1. e4 e5 2. Nf3 Nc6 3. d4 exd4 4. Bc4 Nf6 5. e5 d5 6. Bb5 Ne4 7. Nxd4 Bd7 8.
Bxc6 bxc6 9. O-O Be7 10. f3 Nc5 11. Be3 Ne6 12. f4 Nxd4 13. Bxd4 c5 14. Bf2 c6
15. Nd2 Rb8 16. Nb3 c4 17. Nd4 O-O 18. Bg3 Rxb2 19. f5 Bc5 20. Kh1 Qb6 21. c3
Ba3 22. Qh5 c5 23. f6 h6 24. fxg7 cxd4 25. gxf8=Q+ Bxf8 26. Qxf7+ Kh8 27. Qxf8+
1-0

[Event "Trophée Roza Lallemand 2015"]
[Site "SAINT JACUT DE LA MER"]
[Date "2015.06.13"]
[Round "4.8"]
[White "Fretel, Liza"]
[Black "Penalver, Marion"]
[Result "1-0"]
[WhiteElo "1890"]
[BlackElo "2070"]
[PlyCount "109"]
[EventDate "2015.??.??"]

1. e3 Nf6 2. c4 c5 3. Nc3 g6 4. g3 Bg7 5. Bg2 O-O 6. Nge2 d6 7. O-O Nc6 8. a3
Rb8 9. Rb1 Ne5 10. d3 Bf5 11. e4 Bg4 12. f3 Bd7 13. f4 Nc6 14. Kh1 Qc8 15. b4
cxb4 16. axb4 Bg4 17. Be3 Nh5 18. Qc2 b6 19. b5 Na5 20. Nd5 Re8 21. Nd4 Bh3 22.
Nb4 Bd7 23. Qe2 Nf6 24. Nf3 Nb7 25. Nd2 Nc5 26. d4 Bg4 27. Qf2 Nb7 28. e5 Nh5
29. Nc6 Ra8 30. Ne4 Bf5 31. Ra1 Bg4 32. Rfc1 Qd7 33. Nxa7 Na5 34. Nc6 Nxc6 35.
bxc6 Qc7 36. h3 Bf5 37. g4 Bxe4 38. Bxe4 Bf8 39. gxh5 e6 40. hxg6 hxg6 41. h4
Red8 42. Qg2 Rdc8 43. h5 Rxa1 44. Rxa1 Qe7 45. Rg1 Qh4+ 46. Qh2 Qxh2+ 47. Kxh2
Be7 48. hxg6 fxg6 49. Bxg6 Kf8 50. Be4 d5 51. cxd5 exd5 52. Bxd5 Bd8 53. f5 Rc7
54. Rg8+ Ke7 55. f6# 1-0

[Event "Trophée Roza Lallemand 2015"]
[Site "SAINT JACUT DE LA MER"]
[Date "2015.06.13"]
[Round "5.1"]
[White "Navrotescu, Andreea"]
[Black "Collas, Silvia"]
[Result "1/2-1/2"]
[WhiteElo "2370"]
[BlackElo "2410"]
[PlyCount "58"]
[EventDate "2015.??.??"]

1. d4 Nf6 2. c4 e6 3. Nc3 Bb4 4. e3 O-O 5. Nge2 Ne4 6. a3 Bxc3+ 7. bxc3 f5 8.
f3 Nf6 9. Ng3 c5 10. Bd3 Nc6 11. O-O Qc7 12. d5 Ne5 13. Be2 Ng6 14. f4 d6 15.
Bd3 Ne7 16. e4 fxe4 17. Nxe4 exd5 18. Nxf6+ Rxf6 19. cxd5 c4 20. Be4 Qc5+ 21.
Kh1 Bf5 22. Bf3 Bd3 23. Re1 Nf5 24. g4 Qf2 25. gxf5 Rh6 26. Bg2 Qg3 27. h3
Rxh3+ 28. Bxh3 Qxh3+ 29. Kg1 Qg3+ 1/2-1/2

[Event "Trophée Roza Lallemand 2015"]
[Site "SAINT JACUT DE LA MER"]
[Date "2015.06.13"]
[Round "5.2"]
[White "Soubirou, Oriane"]
[Black "Milliet, Sophie"]
[Result "0-1"]
[WhiteElo "2220"]
[BlackElo "2610"]
[PlyCount "105"]
[EventDate "2015.??.??"]

1. e3 c5 2. c4 Nf6 3. Nc3 Nc6 4. a3 g6 5. f4 d5 6. cxd5 Nxd5 7. Nf3 Bg7 8. Be2
O-O 9. O-O Bf5 10. Ne1 Na5 11. Qa4 Nxc3 12. dxc3 a6 13. e4 Be6 14. Qd1 Qb6 15.
Nf3 Nb3 16. Rb1 Rfd8 17. Qe1 Nxc1 18. Qxc1 Bb3 19. Kh1 Qc6 20. Nd2 c4 21. Nxb3
cxb3 22. Qe3 Rd7 23. Rbd1 Rad8 24. Rxd7 Qxd7 25. Bc4 Qd2 26. Qxd2 Rxd2 27. Rb1
Rf2 28. g3 Kf8 29. Bxb3 e5 30. Kg1 Re2 31. Bd5 exf4 32. gxf4 b6 33. e5 Bh6 34.
Bc4 Rd2 35. Bxa6 Bxf4 36. b4 Bxh2+ 37. Kh1 Bxe5 38. c4 Bd4 39. Bb5 f5 40. a4
Ra2 41. Rd1 Be3 42. Rd8+ Ke7 43. Re8+ Kf6 44. Rxe3 f4 45. Rf3 g5 46. c5 bxc5
47. bxc5 Ke5 48. c6 Rc2 49. Rf1 g4 50. Re1+ Kf6 51. a5 f3 52. a6 g3 53. Rf1 0-1

[Event "Trophée Roza Lallemand 2015"]
[Site "SAINT JACUT DE LA MER"]
[Date "2015.06.13"]
[Round "5.3"]
[White "Monpeurt, Cyrielle"]
[Black "Seite, Yamina"]
[Result "0-1"]
[WhiteElo "2370"]
[BlackElo "1900"]
[PlyCount "80"]
[EventDate "2015.??.??"]

1. e4 e6 2. d4 d5 3. Nc3 Nf6 4. Bg5 dxe4 5. Nxe4 Be7 6. Bxf6 Bxf6 7. Nf3 O-O 8.
c3 Be7 9. Bd3 Nd7 10. O-O c5 11. Qe2 b6 12. Rad1 cxd4 13. cxd4 Bb7 14. Ne5 Nf6
15. Ng5 Qd5 16. f3 Qxd4+ 17. Kh1 Qh4 18. f4 Bc5 19. Rde1 g6 20. Ne4 Nh5 21. Nf3
Qxf4 22. Nfg5 Qc7 23. Nf6+ Nxf6 24. Rxf6 Be7 25. Nxh7 Bxf6 26. Nxf6+ Kg7 27.
Rf1 Rh8 28. Ng4 Rad8 29. Be4 Rd4 30. Bxb7 Rxg4 31. g3 Qxb7+ 32. Kg1 Qe4 33. Qf2
Qf5 34. Qe2 Qc5+ 35. Kg2 Qd5+ 36. Kg1 Qd4+ 37. Rf2 Re4 38. Qf3 Re1+ 39. Kg2 Qe4
40. Qxe4 Rxe4 0-1

[Event "Trophée Roza Lallemand 2015"]
[Site "SAINT JACUT DE LA MER"]
[Date "2015.06.13"]
[Round "5.4"]
[White "Roumegous, Marina"]
[Black "Afraoui, Anaelle"]
[Result "0-1"]
[WhiteElo "2190"]
[BlackElo "1960"]
[PlyCount "86"]
[EventDate "2015.??.??"]

1. d4 Nf6 2. Nf3 g6 3. c3 Bg7 4. Bf4 O-O 5. Nbd2 d5 6. e3 c6 7. h3 Nbd7 8. Bd3
b6 9. O-O c5 10. Ne5 Bb7 11. a4 Rc8 12. Re1 a6 13. Bh2 Nxe5 14. Bxe5 Qd7 15.
Qe2 c4 16. Bc2 b5 17. axb5 axb5 18. e4 b4 19. exd5 Nxd5 20. Nxc4 bxc3 21. b3
Rfe8 22. Ra4 Nf6 23. f3 Rc6 24. Rea1 Nh5 25. Bxg7 Kxg7 26. Re1 Re6 27. Qf2
Rxe1+ 28. Qxe1 Qxd4+ 29. Kh1 Nf4 30. Ra1 Nd5 31. Rd1 Qc5 32. Qe5+ f6 33. Qe1
Ba6 34. Qe4 Nb4 35. Rc1 Rd8 36. Re1 Rd7 37. Qe6 Nxc2 38. Rc1 Bc8 39. Qb6 Qxb6
40. Nxb6 Rd3 41. Nxc8 Ne3 42. Nxe7 Rd1+ 43. Rxd1 Nxd1 0-1

[Event "Trophée Roza Lallemand 2015"]
[Site "SAINT JACUT DE LA MER"]
[Date "2015.06.13"]
[Round "5.5"]
[White "Fischer, Julie"]
[Black "Genzling, Sylvie"]
[Result "0-1"]
[WhiteElo "1990"]
[BlackElo "2070"]
[PlyCount "81"]
[EventDate "2015.??.??"]

1. e4 e6 2. d3 d5 3. Nd2 c5 4. g3 e5 5. exd5 Qxd5 6. Qf3 Qe6 7. Bg2 Nf6 8. Ne4
Be7 9. Nxf6+ Bxf6 10. Ne2 O-O 11. O-O Nc6 12. Be3 Nd4 13. Nxd4 cxd4 14. Bd2 Qb6
15. b3 Rb8 16. Qd5 Qc7 17. Bb4 Rd8 18. Qc5 Qxc5 19. Bxc5 b6 20. Bb4 Bb7 21. f4
exf4 22. gxf4 a5 23. Ba3 Bxg2 24. Kxg2 Rbc8 25. Rf2 Re8 26. Kh3 Re3+ 27. Kg2
Bh4 28. Rd2 Be1 29. Rxe1 Rxe1 30. Bd6 f6 31. Ba3 Ra1 32. c4 dxc3 33. Rc2 Rd1
34. Bc1 Rxd3 35. Kf2 b5 36. Be3 Re8 37. Bc1 b4 38. f5 Re5 39. h4 Re2+ 40. Kxe2
Rh3 41. Be3 0-1

[Event "Trophée Roza Lallemand 2015"]
[Site "SAINT JACUT DE LA MER"]
[Date "2015.06.13"]
[Round "5.6"]
[White "Rollot, Florence"]
[Black "Chung, Mathilde"]
[Result "0-1"]
[WhiteElo "1850"]
[BlackElo "2050"]
[PlyCount "74"]
[EventDate "2015.??.??"]

1. Nf3 c5 2. c4 Nc6 3. g3 g6 4. Bg2 Bg7 5. O-O e6 6. Nc3 Nge7 7. a3 O-O 8. Rb1
d5 9. d3 b6 10. Bf4 Bb7 11. Nb5 e5 12. cxd5 exf4 13. dxc6 Bxc6 14. Nc3 fxg3 15.
fxg3 Nf5 16. Qb3 Ne3 17. Rf2 Qe7 18. Nd1 Bd5 19. Qa4 Bh6 20. Bh3 Nxd1 21. Rxd1
Be3 22. Rdf1 Qf6 23. Kh1 Bxf2 24. Rxf2 Qxb2 25. Bg2 Rae8 26. Bf1 Re3 27. Kg2
Rfe8 28. Qf4 Qxa3 29. Kg1 Bxf3 30. Rxf3 Rxf3 31. Qxf3 Qa1 32. Kf2 Qd4+ 33. Kg2
Rd8 34. Kh1 a5 35. Qb7 Qd5+ 36. Qxd5 Rxd5 37. Kg2 a4 0-1

[Event "Trophée Roza Lallemand 2015"]
[Site "SAINT JACUT DE LA MER"]
[Date "2015.06.13"]
[Round "5.7"]
[White "Wohlers-Armas, Friederike"]
[Black "Fretel, Liza"]
[Result "1-0"]
[WhiteElo "2010"]
[BlackElo "1890"]
[PlyCount "69"]
[EventDate "2015.??.??"]

1. d4 Nf6 2. c4 e6 3. Nc3 c5 4. d5 exd5 5. cxd5 d6 6. e4 g6 7. Bd3 Bg7 8. Nge2
O-O 9. O-O Re8 10. Rb1 a6 11. f3 b5 12. b4 Nbd7 13. Be3 c4 14. Bc2 Ne5 15. Nd4
Bb7 16. Bf2 Nh5 17. Be3 Qd7 18. h3 Ng3 19. Rf2 f5 20. a4 Rf8 21. axb5 f4 22.
Bc1 Nd3 23. Ne6 Bxc3 24. Bxd3 Rf6 25. Bxc4 axb5 26. Qd3 bxc4 27. Qxc3 Rf7 28.
Qxc4 Ba6 29. Qd4 Ne2+ 30. Rxe2 Bxe2 31. b5 Bxb5 32. Rxb5 Qxb5 33. Bb2 Rf6 34.
Qxf6 Qa5 35. Qg7# 1-0

[Event "Trophée Roza Lallemand 2015"]
[Site "SAINT JACUT DE LA MER"]
[Date "2015.06.13"]
[Round "5.8"]
[White "Pokee, Anne"]
[Black "Laurent, Olessya"]
[Result "1-0"]
[WhiteElo "1970"]
[BlackElo "1850"]
[PlyCount "149"]
[EventDate "2015.??.??"]

1. e4 c5 2. Nf3 d6 3. c3 Nf6 4. Be2 g6 5. O-O Bg7 6. d3 O-O 7. Bg5 Nc6 8. Re1
a6 9. a4 b6 10. Nbd2 Bb7 11. Nf1 Ng4 12. h3 Nge5 13. Nxe5 Nxe5 14. f4 Nd7 15.
Ne3 Nf6 16. Bxf6 Bxf6 17. f5 Be5 18. Ng4 Bg7 19. Rf1 Rc8 20. Qd2 Kh8 21. fxg6
fxg6 22. Nh6 Qe8 23. Rxf8+ Qxf8 24. Rf1 Bf6 25. Ng4 Qg7 26. Nxf6 exf6 27. Qf4
d5 28. exd5 Bxd5 29. Qxf6 Qxf6 30. Rxf6 Rc6 31. Rxc6 Bxc6 32. b3 Bd5 33. Bd1
Kg7 34. Kf2 Kf6 35. g3 Ke5 36. Ke3 g5 37. b4 Bg2 38. d4+ cxd4+ 39. cxd4+ Kd6
40. a5 bxa5 41. bxa5 Bd5 42. Be2 Bb7 43. Bf3 Bc8 44. Be4 Kc7 45. d5 Kd6 46. Kd4
Bb7 47. Bf3 Bc8 48. Be2 Bb7 49. Bc4 Bc8 50. Ke4 Kc5 51. Be2 Kd6 52. Bf1 Bb7 53.
Kf5 Bxd5 54. Bxa6 Kc5 55. Be2 Kd6 56. Kxg5 Ke5 57. a6 Kd6 58. Kf4 Kc7 59. g4
Kb6 60. g5 Bb3 61. g6 Bd5 62. Ke5 Bg8 63. Kf6 Bd5 64. g7 Ka7 65. Ke7 Kb6 66.
Kf8 Ka7 67. g8=Q Bxg8 68. Kxg8 Kb6 69. Kf7 Ka7 70. Ke6 Kb6 71. Kd6 Ka7 72. Kc5
Kb8 73. Kb6 Ka8 74. Bf3+ Kb8 75. a7+ 1-0